000 00250nam a2200109Ia 4500
008 190216s9999||||xx |||||||||||||| ||und||
100 _aVasudevan Nair M T
245 0 _aManju
260 _bPoorna Pubs Kozhikode
_c1995
650 _aNovel
942 _cBK
999 _c26501
_d26501